000 00314nam a2200133Ia 4500
008 240624s9999 xx 000 0 und d
041 _aeng
082 _a828 BRI
100 _aBRISTOL CLAUDE M
245 _aMAGIC OF BELIEVING
260 _c1991
_aNew Delhi
_bPocket Books
300 _a180 : p.
365 _cRS
_b25
999 _c23619
_d23619